00382nam a2200145Ia 4500008004100000082001600041100001500057245003600072260001800108365000800126600001500134630003600149700001500185730003600200110201s9999 xx 000 0 und d bB8035aA 38 aAcherkn N. aMachine Tool Design ( Vol - 3 ) bMir Publisher b621 aAcherkn N. aMachine Tool Design ( Vol - 3 ) aAcherkn N. aMachine Tool Design ( Vol - 3 )